Normal view
MARC view
- Davis
Entry Personal Name
001 - CONTROL NUMBER
- control field: 21180
003 - CONTROL NUMBER IDENTIFIER
- control field: IT-RoPau
005 - DATE AND TIME OF LATEST TRANSACTION
- control field: 20140418114521.0
008 - FIXED-LENGTH DATA ELEMENTS
- fixed length control field: 140418|| aca||aabn | a|a d
040 ## - CATALOGING SOURCE
- Original cataloging agency: IT-RoPau
- Transcribing agency: IT-RoPau
100 ## - HEADING--PERSONAL NAME
- Personal name: Davis
- Dates associated with a name: Codice autore testo/musica SPICS: 20478
- Relator term: Autore testo/musica
- Name of part/section of a work: Margie
670 ## - SOURCE DATA FOUND
- Source citation: Work cat.: (IT-RoPau)100695: AA.VV. 794, Jazz. Gli uomini, gli strumenti, gli stili 13